[Event "AUS-ch U18 Girls"]
[Site "Gold Coast"]
[Date "2020.01.22"]
[Round "2"]
[White "Maunders, Myiesha"]
[Black "Gratchev, Ekaterina"]
[Result "1-0"]
[WhiteElo "1378"]
[BlackElo "932"]
[PlyCount "81"]
[EventDate "2020.01.22"]
[EventType "swiss"]
[EventRounds "9"]
[EventCountry "AUS"]
[SourceTitle "EXT 2021"]
[Source "ChessBase"]
[SourceDate "2020.10.23"]
[SourceVersion "1"]
[SourceVersionDate "2020.10.23"]
[SourceQuality "1"]

1. e4 c5 2. Nf3 d6 3. d4 cxd4 4. Nxd4 Nf6 5. Nc3 g6 6. f4 Bg7 7. e5 dxe5 8. fxe5 Nd5 9. Bb5+ Kf8 10. 0-0 Bxe5 11. Bh6+ Bg7 12. Bxg7+ Kxg7 13. Nxd5 Qxd5 14. Nf5+ Qxf5 15. Rxf5 Bxf5 16. Qd4+ f6 17. Re1 e5 18. Qd6 Rf8 19. h3 Nc6 20. Bxc6 bxc6 21. c3 Rad8 22. Qc7+ Rd7 23. Qxc6 Rd2 24. Qb7+ Rf7 25. Qb3 Re7 26. Rd1 Re2 27. Rd8 Be6 28. Qb8 Rf7 29. a4 e4 30. h4 Kh6 31. Qf4+ Kg7 32. Qb8 Kh6 33. Rg8 Rd7 34. Qf4+ Kh5 35. Qxf6 Rd1+ 36. Kh2 Rxg2+ 37. Kxg2 Rd2+ 38. Kg1 Rd1+ 39. Kf2 e3+ 40. Kxe3 Re1+ 41. Kd2 1-0